| 000 | 01397nam a2200241 a 4500 | ||
|---|---|---|---|
| 003 | AM-YEHGA | ||
| 040 | _aAM-YeHGA | ||
| 090 | _c457812 | ||
| 001 | 000695720 | ||
| 005 | 20250617160522.0 | ||
| 008 | 091105s1961 ai | |||||||||||||rus|d | ||
| 041 | 0 | _arus | |
| 110 | 2 |
_aМежобластная конференция почвоведов Южного Урала и Среднего Поволжья _n(2 : _d1961 : _cКазань) |
|
| 245 | 1 | 0 |
_aII Межобластная конференция почвоведов Южного Урала и Среднего Поволжья : _bТезисы докладов / _cКазан. гос. ун-т им. В.И. Ульянова-Ленина; Казан. фил. АН; Каз. отдел. Всесоюз. об-ва почв. |
| 260 |
_aКазань : _bИзд-во Казан. ун-та, _c1961. |
||
| 300 |
_a107 с. ; _c22 см. |
||
| 650 | 1 | 4 |
_aПочвоведение _xАгрохимия _zСреднее Поволжье |
| 650 | 1 | 4 |
_aПочвоведение _xАгрохимия _zЮжный Урал |
| 710 | 2 | _aКазанский государственный университет им. В.И. Ульянова-Ленина | |
| 710 | 2 |
_aАкадемия наук. _bКазанский филиал |
|
| 710 | 2 |
_aВсесоюзное общество почвоведов. _bКазанское отделение |
|
| 942 |
_2udc _cBK |
||
| 999 |
_c454815 _d454815 |
||